Tesoro de novelistas españoles antiguos y modernos

Guardat en:
Dades bibliogràfiques
Autor principal: Ochoa, Eugenio de (autor)
Format: Llibre
Idioma:espanyol
Publicat: París Baudry, Librería Europea 1847
Col·lecció:Colección de los Mejores Autores Españoles, 38
Matèries:
Etiquetes: Afegir etiqueta
Sense etiquetes, Sigues el primer a etiquetar aquest registre!

MARC

LEADER 00000nam a2200000 a 4500
001 UCZ5043
003 CL-VaPUC
008 951116e18470000FR |||||||||||||||||spa|d
082 0 4 |a 808.83  |b OCH  |2 21 
100 |a Ochoa, Eugenio de  |e autor  |9 349000 
245 1 0 |a Tesoro de novelistas españoles antiguos y modernos 
300 |a 113 p 
942 |c BK 
945 |d 19951116 00:00:00  |a rleighto 
260 |a París  |b Baudry, Librería Europea  |c 1847 
650 0 |a Novelas españolas  |9 265052 
583 |a last modification  |c 19951116 00:00:00  |k Rodrigo Vera 
490 0 |a Colección de los Mejores Autores Españoles, 38 
999 |c 241372  |d 241370 
952 |0 0  |1 0  |4 0  |6 808_830000000000000_OCH_1847  |7 0  |8 P  |9 253673  |a BIBEDU  |b BIBEDU  |c BIBEDU_PB  |d 2019-11-19  |i 3152014  |o 808.83 OCH 1847  |p 3152014  |r 2024-01-25  |w 2019-11-19  |y BK  |k LIT